[Event "BL 2017-18"]
[Site "Germany"]
[Date "2018.03.11"]
[Round "12"]
[White "Vidonyak, Roman"]
[Black "Jakubowski, Krzysztof"]
[Result "1-0"]
[WhiteElo "2436"]
[BlackElo "2512"]
[Annotator "TA"]
[PlyCount "101"]
[EventDate "2018.05.24"]
[EventType "team-tourn"]
[EventCountry "GER"]
[SourceTitle "playchess.com"]
[Source "ChessBase"]
[SourceQuality "1"]
[WhiteTeam "Bayern Muenchen"]
[BlackTeam "SFR Berlin"]

{[%evp 14,101,47,42,52,30,33,25,24,25,37,30,57,54,54,39,64,35,79,25,92,92,103,80,90,87,77,79,114,114,106,106,205,205,215,212,275,261,503,504,479,465,747,714,655,628,945,955,927,815,840,598,594,399,501,369,527,493,3029,819,6606,6636,6522,6522,6389,6498,5616,6091,6414,5697,5377,5289,2563,2464,29972,29972,29979,29980,29982,29983,29984,29985,29985,29986,29986,29987,29993,29990,29994,29995]} 1. d4 Nf6 2. c4 e6 3. Nc3 Bb4 4. Qc2 b6 5. e4 c5 6. d5 {E32: Nimzo-Indian: Classical (4 Qc2): 4...0-0} exd5 7. exd5 O-O (7... Qe7+ 8. Nge2 O-O 9. Bd2 d6 10. O-O-O Ng4 11. Be1 Nd7 12. Ng3 Ndf6 13. h3 Ne5 {1-0 (35) Zhou,J (2597)-Wei,Y (2743) Shenzhen 2017}) 8. Bd3 $1 {LiveBook: 4 Games. White is slightly better.} b5 9. b3 bxc4 10. bxc4 d6 11. Nge2 Nbd7 12. f4 $146 ({Predecessor:} 12. O-O Ne5 13. f4 Nf3+ {½-½ (13) Vilela de Acuna,J (2440)-Garcia Martinez,S (2370) Cienfuegos 1991}) 12... Bxc3+ 13. Qxc3 Re8 {[#] White must now prevent ...Ne4.} 14. O-O Rb8 15. Ng3 Nf8 16. h3 ({White should play} 16. Bd2 $16) 16... Ng6 (16... h5 $1 $11) 17. Bd2 $16 Rb7 18. Rae1 Rxe1 19. Rxe1 Re7 20. Rb1 h6 21. Qc2 Nf8 22. Bc3 {Bxf6 is the strong threat.} Rb7 (22... Re8 $16 {might work better.}) 23. Rxb7 $18 Bxb7 24. Qb2 Ba6 25. Bxf6 gxf6 $2 (25... Qxf6 26. Qxf6 gxf6) 26. Nh5 Nh7 27. Qa3 Qc8 (27... Bc8 $142 28. Qxa7 Nf8) 28. Qc3 Qd8 29. Bf5 Kh8 30. Kh2 Qe7 31. Qg3 {[%csl Gh5][%cal Rg3g7]} Qf8 32. Bxh7 Kxh7 33. Nxf6+ Kh8 34. Qe3 Kg7 (34... Bc8 $142 35. Qd3 Kg7) 35. Qc3 {aiming for Nd7+.} Kg6 {[#]} (35... Kh8 $142 36. Nh5+ Kg8) 36. g4 (36. f5+ $142 $1 {[%mdl 512]} Kxf5 37. Nd7) 36... Bc8 37. f5+ Bxf5 38. gxf5+ Kxf5 39. Qf3+ Kg6 40. Ne4 Qe7 41. Qg4+ Kh7 42. Qf5+ Kg7 43. Kg3 a5 44. a4 {White mates.} Kf8 45. Qf4 Kg7 46. Kf3 Qb7 47. Qf6+ Kh7 48. Nxd6 Qb3+ 49. Kf4 Qxa4 50. Qxf7+ Kh8 51. Qg6 {Precision: White = 84%, Black = 30%.} 1-0

[Event "BL 2017-18"]
[Site "Germany"]
[Date "2018.03.11"]
[Round "12"]
[White "Kopylov, Michael"]
[Black "Gharamian, Tigran"]
[Result "1/2-1/2"]
[WhiteElo "2421"]
[BlackElo "2617"]
[Annotator "TA"]
[PlyCount "41"]
[EventDate "2018.05.24"]
[EventType "team-tourn"]
[EventCountry "GER"]
[SourceTitle "playchess.com"]
[Source "ChessBase"]
[SourceQuality "1"]
[WhiteTeam "Norderstedt"]
[BlackTeam "Schwaebisch Hall"]

{[%evp 25,41,0,56,54,51,34,53,51,52,61,104,110,111,109,141,170,154,0]} 1. d4 Nf6 2. c4 c5 3. d5 e6 4. Nc3 exd5 5. cxd5 d6 6. Nf3 g6 7. h3 Bg7 8. e4 O-O 9. Bd3 a6 10. a4 Nbd7 11. O-O Nh5 12. g4 {A70: Modern Benoni: 6 e4 g6 7 Nf3} (12. Bg5 Bf6 13. Be3 Re8 14. Qd2 Ne5 15. Be2 Nxf3+ 16. Bxf3 Ng7 {½-½ (16) Kazhgaleyev,M (2594)-Ponomariov,R (2709) chess.com INT 2017}) 12... Nhf6 13. Bf4 Ne8 {LiveBook: 5 Games} (13... h5 $11) 14. Qd2 $14 {White is slightly better.} Rb8 $146 ({Predecessor:} 14... Qe7 15. Bg3 Rb8 16. Rfe1 f6 17. a5 Ne5 18. Kg2 Nxf3 19. Kxf3 {0-1 (41) Suvorov,A (2145)-Schitco,I (2334) Schwaebisch Gmuend 2018}) 15. Rae1 b6 16. Bg5 f6 17. Bh4 Ne5 18. Nxe5 dxe5 19. f4 {Strongly threatening fxe5.} exf4 20. Qxf4 Rb7 21. e5 $2 ({Better is} 21. Qe3 $16) 1/2-1/2

[Event "BL 2017-18"]
[Site "Germany"]
[Date "2018.03.11"]
[Round "12"]
[White "Lobzhanidze, Davit"]
[Black "Hoffmann, Michael"]
[Result "1-0"]
[WhiteElo "2416"]
[BlackElo "2442"]
[Annotator "TA"]
[PlyCount "95"]
[EventDate "2018.05.24"]
[EventType "team-tourn"]
[EventCountry "GER"]
[SourceTitle "playchess.com"]
[Source "ChessBase"]
[SourceQuality "1"]
[WhiteTeam "SV Hofheim"]
[BlackTeam "Aachen"]

{[%evp 19,95,-42,-34,-36,-19,-28,-14,0,0,0,0,0,0,0,38,31,22,31,25,31,70,69,58,65,95,112,117,117,108,114,139,125,175,163,174,167,192,192,187,185,185,134,141,141,165,164,180,165,166,0,179,0,166,177,181,128,125,116,150,0,141,0,195,191,415,578,943,920,901,887,29982,29983,29983,29984,29984,29983,29981,29982]} 1. e4 c5 2. Nf3 e6 3. d3 Nc6 4. c3 d5 5. Qe2 Nf6 6. g3 {B40: Sicilian: 2...e6, Unusual lines} Be7 7. Bg2 O-O 8. O-O b5 {[%cal Bb7b5,Bb5b4][%mdl 32]} 9. e5 (9. exd5 Nxd5 10. a4 b4 11. c4 Nf6 12. Nbd2 Bb7 13. Nb3 {½-½ (59) Bologan,V (2615)-Geller,J (2526) Moscow 2017}) 9... Nd7 10. h4 a5 {LiveBook: 17 Games} 11. a4 b4 12. c4 dxc4 $146 ({Predecessor:} 12... Nb6 13. Bf4 {½-½ (26) Joachim,S (2480)-Braun,P (2257) Schwaebisch Gmuend 2006}) 13. dxc4 Bb7 14. Rd1 Qc7 15. Bf4 {[#]} Nd4 $1 {[%mdl 512]} 16. Nxd4 cxd4 17. Bxb7 Qxb7 18. Rxd4 Nc5 {Hoping for ...Nb3.} 19. Nd2 {[%cal Bb1d2,Bd2e4,Be4d6][%mdl 32]} Qc6 20. b3 Rfd8 21. Be3 Rxd4 22. Bxd4 Rd8 23. Bxc5 Bxc5 24. Ne4 Be7 25. Rc1 Rd4 {[#]} 26. Nd6 $1 {Strongly threatening c5.} Bxd6 27. exd6 {Threatens to win with c5.} Qxd6 $18 {[%mdl 4096] Endgame KQR-KQR} 28. c5 Qc7 29. c6 Kf8 30. Rc5 (30. Qb5 $18 Rd8 31. Qb7) 30... Ke7 $16 31. Qe3 Rd6 32. Qg5+ Kf8 33. Qc1 ({Worse is} 33. Rxa5 Rd1+ 34. Kh2 Qxc6 $17) 33... Ke7 34. Qg5+ Kf8 35. Qc1 ({Not} 35. Rxa5 Rd1+ 36. Kh2 Qxc6 $17) 35... Ke7 $1 36. Qc4 f6 37. Qc2 (37. Kg2 $18) 37... h6 38. Qg6 Kf8 39. Qc2 Ke7 $1 40. Qg6 (40. Qh7 $16 Kf7 41. Qe4) 40... Rd1+ $2 (40... Kf8 $1 $11 {and Black stays safe.}) 41. Kg2 $18 Kd6 $2 (41... Kf8 42. Qe4 e5) 42. Rc2 Rd5 {intending ...Rc5.} 43. Qe8 e5 44. f4 {[%cal Bf2f4,Bf4f5][%mdl 32]} Rd4 45. f5 {[%csl Gf5][%cal Re8e6] White mates.} Kd5 46. Qd7+ Qxd7 47. cxd7 Ke4 48. Rc4 {Precision: White = 78%, Black = 48%.} 1-0

[Event "BL 2017-18"]
[Site "Germany"]
[Date "2018.03.11"]
[Round "12"]
[White "Loxine, Jakov"]
[Black "Eichler, Christoph"]
[Result "1/2-1/2"]
[WhiteElo "2397"]
[BlackElo "2299"]
[Annotator "NA"]
[PlyCount "89"]
[EventDate "2018.05.24"]
[EventType "team-tourn"]
[EventCountry "GER"]
[SourceTitle "playchess.com"]
[Source "ChessBase"]
[SourceQuality "1"]
[WhiteTeam "Dresden"]
[BlackTeam "Zugzwang Muenchen"]
[TimeControl "40/6000+30:3000+30"]

1. c4 {[%emt 0:00:02]} e6 {[%emt 0:00:12]} 2. Nc3 {[%emt 0:00:06]} d5 {[%emt 0:00:12]} 3. d4 {[%emt 0:00:14]} Nf6 {[%emt 0:00:08]} 4. cxd5 {[%emt 0:00:13]} Nxd5 {[%emt 0:00:12] LiveBook: 607 Games} 5. e4 {[%emt 0:00:27]} Nxc3 {[%emt 0:00:07]} 6. bxc3 {[%emt 0:00:03]} c5 {[%emt 0:00:09]} 7. a3 {[%emt 0:01:20]} g6 {[%emt 0:01:13] D35: Queen's Gambit Declined: Exchange Variation} 8. Nf3 {[%emt 0:01:47]} Bg7 {[%emt 0:00:11]} 9. Bd3 $146 {[%emt 0:14:15]} ({Predecessor:} 9. Be2 cxd4 10. cxd4 Nc6 11. Be3 O-O 12. O-O b6 13. Qa4 Bb7 14. Rad1 Ne7 15. Bd3 {1-0 (57) Caruana,F (2807)-Dominguez Perez,L (2739) Saint Louis 2017}) 9... Nc6 {[%emt 0:09:52]} 10. e5 {[%emt 0:00:14]} cxd4 {[%emt 0:06:44]} 11. cxd4 {[%emt 0:00:05]} O-O {[%emt 0:00:40]} 12. Be4 {[%emt 0:03:04]} f6 {[%emt 0:08:04]} 13. exf6 {[%emt 0:01:17]} Bxf6 {[%emt 0:00:29]} 14. Be3 {[%emt 0:04:53]} Qa5+ {[%emt 0:08:45]} 15. Kf1 {[%emt 0:02:23]} Bd7 {[%emt 0:03:31]} 16. h4 {[%emt 0:04:21]} Ne7 {[%emt 0:06:16]} 17. h5 {[%emt 0:08:50]} g5 $11 {[%emt 0:06:36]} 18. h6 {[%emt 0:00:25]} Nf5 {[%emt 0:02:59]} 19. Bd2 {[%emt 0:33:05]} Qd8 {[%emt 0:09:01]} 20. Bb4 {[%emt 0:03:08]} Re8 {[%emt 0:17:29]} 21. Kg1 {[%emt 0:08:27]} a5 {[%emt 0:03:00]} 22. Bc3 {[%emt 0:02:23]} Rc8 {[%emt 0:00:39]} 23. Qd2 {[%emt 0:02:43]} Bc6 {[%emt 0:04:38]} 24. Bxa5 {[%emt 0:02:41]} b6 {[%emt 0:00:36]} 25. Bxc6 {[%emt 0:00:03]} Rxc6 {[%emt 0:00:02]} 26. Bb4 {[%emt 0:00:11]} Nxd4 {[%emt 0:02:00]} 27. Nxd4 {[%emt 0:00:08]} Qxd4 {[%emt 0:00:25]} 28. Qxd4 {[%emt 0:02:51]} Bxd4 {[%emt 0:00:01]} 29. Ra2 {[%emt 0:00:06]} Rc1+ {[%emt 0:06:39]} 30. Kh2 {[%emt 0:00:04]} Rxh1+ {[%emt 0:00:13]} 31. Kxh1 {[%emt 0:00:03]} Kf7 {[%emt 0:01:03]} 32. Rc2 {[%emt 0:04:12]} Kg6 {[%emt 0:01:46]} 33. g4 {[%emt 0:01:16]} Kxh6 {[%emt 0:01:21]} 34. Kg2 {[%emt 0:00:04]} Kg6 {[%emt 0:00:50]} 35. Kf3 {[%emt 0:00:51]} h5 {[%emt 0:02:31]} 36. gxh5+ {[%emt 0:00:11]} Kxh5 {[%emt 0:00:03]} 37. Ke4 {[%emt 0:00:07]} Rd8 {[%emt 0:04:45]} 38. f3 {[%emt 0:03:27]} Kg6 {[%emt 0:01:30]} 39. Rd2 {[%emt 0:06:51]} Bf6 {[%emt 0:01:29]} 40. Rxd8 {[%emt 0:00:44]} Bxd8 {[%emt 0:00:02]} 41. a4 {[%emt 0:03:45]} Bc7 {[%emt 0:02:05]} 42. Bd2 {[%emt 0:01:06]} Kh5 {[%emt 0:01:49]} 43. Be3 {[%emt 0:01:31]} g4 {[%emt 0:03:27]} 44. fxg4+ {[%emt 0:00:05]} Kxg4 {[%emt 0:00:02]} 45. Bxb6 {[%emt 0:00:26]} 1/2-1/2

[Event "BL 2017-18"]
[Site "Germany"]
[Date "2018.03.11"]
[Round "12"]
[White "Lindgren, Philip"]
[Black "Tomczak, Jacek"]
[Result "0-1"]
[WhiteElo "2391"]
[BlackElo "2579"]
[Annotator "TA"]
[PlyCount "80"]
[EventDate "2018.05.24"]
[EventType "team-tourn"]
[EventCountry "GER"]
[SourceTitle "playchess.com"]
[Source "ChessBase"]
[SourceQuality "1"]
[WhiteTeam "Bayern Muenchen"]
[BlackTeam "SFR Berlin"]

{[%evp 27,80,0,0,-12,-12,-14,0,-22,0,-22,-25,-33,-22,-77,-69,-71,-10,-7,-17,-88,-88,-88,-86,-125,-128,-122,-125,-146,-147,-140,-140,-141,-134,-138,-149,-142,-151,-149,-141,-166,-161,-212,-203,-262,-247,-222,-251,-267,-267,-275,-251,-397,-386,-29995,-29996]} 1. Nf3 Nf6 2. c4 c5 3. Nc3 d5 4. cxd5 Nxd5 5. g3 Nc6 6. Nxd5 Qxd5 7. Bg2 g6 8. O-O Bg7 9. d3 O-O 10. Be3 Bd7 11. Nd4 Qd6 12. Nxc6 Bxc6 13. Bxc6 Qxc6 14. Rc1 Qe6 {LiveBook: 76 Games} 15. Rc4 {A38: Symmetrical English vs ...g6: 4 Bg2 Bg7 5 Nf3 Nf6} (15. Rxc5 Qxa2 16. Rb5 b6 17. Qb3 Qxb3 18. Rxb3 Rac8 19. Ra1 Rc7 20. Rba3 a5 21. Rb3 Rc2 22. Rxb6 Rxe2 23. d4 Rd8 24. Kf1 Rc2 25. Ra4 f5 26. Rb5 Rcc8 27. Ke2 {½-½ (27) Lecroq,M (2594)-Kribben,M (2660) ICCF email 2016}) 15... b6 $146 ({Predecessor:} 15... Bxb2 16. Bxc5 Bf6 17. Qb3 Qxe2 18. Re4 Qf3 19. Bxe7 Bxe7 20. Rxe7 Rad8 21. Qxb7 Qxd3 22. Qxa7 Ra8 23. Qe3 {½-½ (23) Karlsson,L (2450)-Winsnes,R (2385) Sweden 1998}) 16. Qc2 Rfd8 17. a4 {The position is equal.} Rd5 18. Re4 Qh3 {aiming for ...Rh5.} 19. Rh4 Qd7 20. b4 {[#]} (20. Re4 $11 {remains equal.}) 20... Bf6 $1 $17 {[%cal Rf6h4]} 21. Rc4 {[%cal Rb4c5]} cxb4 ({Better is} 21... Qh3 $17 22. f3 cxb4 23. Rxb4 Rh5) 22. Rxb4 $11 Rc8 23. Rc4 (23. Qa2 $11) 23... Rxc4 $17 24. dxc4 Rh5 25. f3 Qh3 {[%csl Gh5][%cal Rh3h2]} 26. Rf2 Qe6 27. Qd3 Kg7 28. Rf1 Qh3 {[%csl Gh5][%cal Rh3h2]} 29. Rf2 Ra5 30. Rf1 Rxa4 31. c5 bxc5 $40 {[%mdl 128] Black is out for blood.} 32. Bxc5 Qc8 33. Be3 h5 34. Rc1 (34. Qb3 {was called for.} Qa6 35. Kf2) 34... Qe6 $19 35. Kf2 Qh3 36. Kg1 h4 37. Bf2 hxg3 38. hxg3 Ra5 {And now ...Rh5 would win.} 39. g4 (39. f4 {was forced.}) 39... Be5 {( -> ...Bh2+)} 40. Be3 $2 {[#]} (40. f4 $19 Qxg4+ 41. Qg3 Qxf4 42. Qxf4 Bxf4 43. Rc6) 40... Bh2+ {Precision: White = 31%, Black = 79%.} 0-1

[Event "BL 2017-18"]
[Site "Germany"]
[Date "2018.03.11"]
[Round "12"]
[White "Margolin, Boris"]
[Black "Santos Ruiz, Miguel"]
[Result "1/2-1/2"]
[WhiteElo "2388"]
[BlackElo "2505"]
[Annotator "TA"]
[PlyCount "103"]
[EventDate "2018.05.24"]
[EventType "team-tourn"]
[EventCountry "GER"]
[SourceTitle "playchess.com"]
[Source "ChessBase"]
[SourceQuality "1"]
[WhiteTeam "SV Hofheim"]
[BlackTeam "Aachen"]

{[%evp 23,103,0,0,-6,7,-36,-14,-47,-25,-35,0,0,0,0,0,-7,0,0,0,0,0,-6,0,-14,-14,-31,-35,-32,-27,-47,-9,-26,0,0,20,6,31,0,4,0,0,-1,0,0,0,-6,-6,-4,0,0,0,0,0,0,32,25,37,28,28,12,6,8,6,4,12,12,19,0,0,0,0,0,0,0,0,0,0,0,0,0,0,0]} 1. e4 c5 2. Nf3 d6 3. d4 cxd4 4. Nxd4 Nf6 5. Nc3 a6 6. Be2 e5 7. Nb3 Be7 8. Be3 Be6 9. Nd5 Nxd5 10. exd5 Bc8 11. Qd2 O-O 12. O-O Nd7 {LiveBook: 4 Games} 13. f3 {B92: Sicilian Najdorf: 6 Be2} (13. Na5 f5 14. f4 exf4 15. Bxf4 Nc5 16. Bf3 g5 17. Be3 g4 18. Be2 Bf6 19. Rae1 Be5 20. Bxg4 Ne4 {1-0 (34) Papp,G (2607)-Raja,H (2427) Caleta 2018}) 13... f5 {[%cal Bf7f5,Bf5f4][%mdl 32]} 14. Na5 f4 15. Bf2 Bh4 16. g3 $146 ({Predecessor:} 16. b4 Bxf2+ 17. Rxf2 Rf6 18. Bd3 Rh6 19. g3 fxg3 20. hxg3 Rh3 {0-1 (81) Gipslis,A (2465)-Arbakov,V (2455) Schwaebisch Gmuend 1996}) 16... e4 {And now ...e3 would win.} 17. gxh4 e3 18. Qb4 {Black must now prevent Be1.} exf2+ 19. Rxf2 Ne5 20. Nc4 Nxc4 21. Bxc4 a5 22. Qd2 Qxh4 23. Re1 Bd7 24. Re4 b5 25. Bd3 Qf6 26. c3 Kh8 27. Kh1 Qg5 28. Bc2 Rf5 {[%cal Bf8f5,Bf5d5,Bd5d2,Bd2f2][%mdl 32]} 29. Rg2 Qh4 30. Rg4 Qh3 31. Qf2 Rxd5 32. Rh4 {[#]} Rd2 $1 {[%cal Rd2f2][%mdl 512]} 33. Rxh3 (33. Qxd2 Qf1#) 33... Rxf2 {[#]} 34. Rxh7+ $1 {[%mdl 512]} Kxh7 35. Re2+ $1 g6 36. Rxf2 $11 {[%mdl 4096] Endgame KRB-KRB} Re8 {Threatens to win with ...Bh3.} 37. Kg2 Bc6 38. Rd2 Re6 39. Kf2 Kg7 40. h4 Kh6 41. Rd4 Rf6 {The position is equal.} 42. a4 bxa4 $1 43. Bxa4 Bxa4 44. Rxa4 {KR-KR} Rf5 45. Rd4 Kh5 46. c4 Kxh4 47. Rxd6 Rc5 48. Rd4 g5 49. b3 Rc8 50. Rd7 {[%cal Rd7h7]} Kh5 51. Rd2 a4 52. bxa4 {Precision: White = 51%, Black = 56%.} 1/2-1/2

[Event "BL 2017-18"]
[Site "Germany"]
[Date "2018.03.11"]
[Round "12"]
[White "Schmidek, Emil"]
[Black "Unzicker, Ferdinand"]
[Result "1-0"]
[WhiteElo "2387"]
[BlackElo "2323"]
[Annotator "NA"]
[PlyCount "77"]
[EventDate "2018.05.24"]
[EventType "team-tourn"]
[EventCountry "GER"]
[SourceTitle "playchess.com"]
[Source "ChessBase"]
[SourceQuality "1"]
[WhiteTeam "SFR Berlin"]
[BlackTeam "Bayern Muenchen"]
[TimeControl "40/6000+30:3000+30"]

1. e4 {[%emt 0:00:02]} c5 {[%emt 0:00:06]} 2. Nf3 {[%emt 0:00:08]} Nc6 {[%emt 0:00:04]} 3. d4 {[%emt 0:00:08]} cxd4 {[%emt 0:00:07]} 4. Nxd4 {[%emt 0:00:08]} g6 {[%emt 0:00:08]} 5. c4 {[%emt 0:00:06]} Bg7 {[%emt 0:00:05]} 6. Be3 {[%emt 0:00:07]} Nf6 {[%emt 0:00:08]} 7. Nc3 {[%emt 0:00:06]} Ng4 {[%emt 0:00:07]} 8. Qxg4 {[%emt 0:00:07]} Nxd4 {[%emt 0:00:05]} 9. Qd1 {[%emt 0:00:22]} Ne6 {[%emt 0:00:04]} 10. Rc1 {[%emt 0:00:13]} Qa5 {[%emt 0:00:20]} 11. Bd3 {[%emt 0:02:55]} b6 {[%emt 0:07:36]} 12. O-O {[%emt 0:01:59]} Bb7 {[%emt 0:00:07]} 13. a3 {[%emt 0:53:10]} Rc8 $16 {[%emt 0:33:44]} 14. Rc2 {[%emt 0:38:21]} d6 {[%emt 0:26:50]} 15. Nd5 {[%emt 0:03:07]} Qa4 {[%emt 0:00:27]} 16. Qe2 {[%emt 0:00:47]} Nd4 {[%emt 0:01:50]} 17. Bxd4 {[%emt 0:00:11]} Bxd4 {[%emt 0:00:02]} 18. c5 {[%emt 0:00:24]} Qa5 {[%emt 0:20:14]} 19. b4 {[%emt 0:00:56]} Qxa3 {[%emt 0:00:52]} 20. Ra2 {[%emt 0:00:13]} Qb3 {[%emt 0:00:37]} 21. Bc4 {[%emt 0:00:14]} Bxd5 {[%emt 0:00:24]} 22. Bxb3 {[%emt 0:00:11]} Bxb3 {[%emt 0:00:07]} 23. Rd2 {[%emt 0:04:34]} e5 {[%emt 0:03:48]} 24. Rxd4 {[%emt 0:02:00]} exd4 {[%emt 0:00:03]} 25. Qd3 {[%emt 0:00:08]} Be6 {[%emt 0:02:11]} 26. Qxd4 {[%emt 0:00:13]} O-O {[%emt 0:00:08]} 27. cxb6 {[%emt 0:00:40]} axb6 {[%emt 0:00:08]} 28. Qxb6 {[%emt 0:00:30]} Rfd8 {[%emt 0:00:51]} 29. h3 {[%emt 0:02:17]} Rb8 {[%emt 0:00:33]} 30. Qd4 {[%emt 0:00:07]} d5 {[%emt 0:00:29]} 31. Rd1 {[%emt 0:00:54]} Rd7 {[%emt 0:08:23]} 32. Qc5 {[%emt 0:00:32]} Rbd8 {[%emt 0:00:05]} 33. exd5 {[%emt 0:00:25]} Rxd5 {[%emt 0:00:08]} 34. Rxd5 {[%emt 0:00:05]} Rxd5 {[%emt 0:00:06]} 35. Qc6 {[%emt 0:00:26]} Rd1+ {[%emt 0:00:54]} 36. Kh2 {[%emt 0:00:02]} Bd7 {[%emt 0:00:12]} 37. Qb7 {[%emt 0:00:31]} Rd2 {[%emt 0:01:02]} 38. b5 {[%emt 0:00:26]} Bxb5 {[%emt 0:00:56]} 39. Qc8+ {[%emt 0:00:05]} 1-0

[Event "BL 2017-18"]
[Site "Germany"]
[Date "2018.03.11"]
[Round "12"]
[White "Braun, Christian"]
[Black "Gurevich, Vladimir"]
[Result "0-1"]
[WhiteElo "2385"]
[BlackElo "2472"]
[Annotator "TA"]
[PlyCount "56"]
[EventDate "2018.05.24"]
[EventType "team-tourn"]
[EventCountry "GER"]
[SourceTitle "playchess.com"]
[Source "ChessBase"]
[SourceQuality "1"]
[WhiteTeam "Aachen"]
[BlackTeam "SV Hofheim"]

{[%evp 21,56,45,29,0,0,-2,-13,-7,0,-36,-38,-84,-56,-51,-48,-76,-86,-83,-77,-104,-111,-126,-133,-127,-120,-318,-293,-610,-606,-597,-566,-655,-638,-623,-611,-575,-539]} 1. e4 c5 2. Nf3 d6 3. d4 cxd4 4. Nxd4 Nf6 5. Nc3 a6 6. Be2 e5 7. Nb3 Be7 8. Bg5 Nbd7 9. a4 {B92: Sicilian Najdorf: 6 Be2} h6 10. Be3 (10. Bh4 b6 11. Bc4 Bb7 12. Qd3 O-O 13. O-O Qc7 14. Bxf6 Nxf6 15. Nd2 Rfc8 16. Bb3 Qc5 {0-1 (99) Almasi,Z (2707)-Bindrich,F (2598) Douglas 2017}) 10... b6 11. O-O O-O {LiveBook: 5 Games} 12. Nd5 Bb7 $146 ({Predecessor:} 12... Nxd5 13. Qxd5 Rb8 14. Rfd1 Bb7 15. Qd3 Qc7 16. f3 Rfd8 17. c3 Rbc8 18. Qd2 {½-½ (25) Palamarek,D (2030)-Strizak,N (2140) Novi Sad 1990}) 13. Qd3 Nxd5 14. exd5 Bg5 15. a5 b5 16. Rfc1 f5 17. Bxg5 Qxg5 18. c4 bxc4 19. Rxc4 {With the idea Rc7.} Nf6 {[%cal Bd7f6,Bf6e4,Be4f2][%mdl 32]} 20. f4 Qg6 21. Rc6 Bxc6 $40 {[%mdl 128] Black attacks with force.} 22. dxc6 Qf7 {...Qa7+ is the strong threat.} 23. Rc1 $2 {[#]} (23. fxe5 $17 {was the only defense.} dxe5 24. Nc5) 23... Qa7+ $1 $19 24. Kh1 $2 {[#]} (24. Kf1 Ng4 25. Qg3) 24... Ne4 $1 {[%cal Re4f2] Black is clearly winning.} 25. Qc4+ Kh8 {( -> ...Nf2+)} 26. h3 Qe3 {White must now prevent ...Ng3+.} 27. Bf3 {Now Bxe4 and White clings on.} Nf2+ 28. Kh2 {If White can now play Rc3 this consolidates a bit.} e4 {Precision: White = 18%, Black = 97%.} 0-1

[Event "BL 2017-18"]
[Site "Germany"]
[Date "2018.03.11"]
[Round "12"]
[White "Grigorian, Spartak"]
[Black "Naiditsch, Arkadij"]
[Result "0-1"]
[WhiteElo "2354"]
[BlackElo "2701"]
[Annotator "TA"]
[PlyCount "46"]
[EventDate "2018.05.24"]
[EventType "team-tourn"]
[EventCountry "GER"]
[SourceTitle "playchess.com"]
[Source "ChessBase"]
[SourceQuality "1"]
[WhiteTeam "Werder Bremen"]
[BlackTeam "Baden-Baden"]

{[%evp 14,46,46,9,2,0,0,-5,1,-21,0,-32,-27,-35,77,44,71,31,29,25,73,-36,134,147,125,-1434,-1451,-29986,-29987,-29987,-29988,-2958,-866,-750,-248]} 1. d4 e6 2. c4 Bb4+ 3. Nc3 f5 4. e3 Bxc3+ 5. bxc3 Nf6 6. Bd3 O-O 7. Ne2 d6 8. Qc2 c5 {A85: Dutch Defence: 2 c4 Nf6 3 Nc3} 9. O-O Nc6 10. Rb1 b6 {The position is equal.} 11. Ng3 $146 ({Predecessor:} 11. Rd1 Qc7 12. Nf4 Na5 13. Be2 e5 14. Nd5 {0-1 (31) Cade,S (2035)-Deschamp,G (2217) Chessfriend.com 2004}) 11... h5 12. d5 Ne5 13. dxe6 g6 (13... Nxd3 $15 {keeps the upper hand.} 14. Qxd3 Bxe6) 14. e4 $16 h4 15. Nxf5 gxf5 16. exf5 {aiming for Bg5.} Bb7 17. Bh6 (17. Bg5 $16) 17... Kh7 $2 (17... h3 $1 $15 {stays ahead.} 18. f3 Re8) 18. Bg5 $1 ({Much less strong is} 18. Bxf8 $6 Qxf8 19. f4 Nxd3 $14) 18... Qe8 {White must now prevent ...Nf3+!} 19. Rbe1 $2 {[%mdl 8192] [#]} ({Inferior is} 19. Bxh4 Qh5 $15) (19. f4 $16 Neg4 20. Qe2) 19... Nf3+ $1 $19 {[%mdl 512]} 20. gxf3 {[#]} Qh5 $1 21. Be4 Rg8 22. f4 Qg4+ (22... Nxe4 $142 23. f3 Nxg5 24. f6+ Kh8) 23. Kh1 Bxe4+ $2 {Precision: White = 36%, Black = 52%.} (23... Nxe4 {[%cal Re4f2]} 24. f3 Nxg5 25. f6+ Rg6 26. fxg5 Bxf3+ 27. Rxf3 Qxf3+ 28. Qg2 Qxg2+ 29. Kxg2 Rxg5+ 30. Kf3 Rf5+ 31. Kg4 Rxf6) 0-1

[Event "BL 2017-18"]
[Site "Germany"]
[Date "2018.03.11"]
[Round "12"]
[White "Rezasade, Amir"]
[Black "Kovacs, Gabor"]
[Result "1/2-1/2"]
[WhiteElo "2354"]
[BlackElo "2458"]
[Annotator "TA"]
[PlyCount "95"]
[EventDate "2018.05.24"]
[EventType "team-tourn"]
[EventCountry "GER"]
[SourceTitle "playchess.com"]
[Source "ChessBase"]
[SourceQuality "1"]
[WhiteTeam "Muelheim"]
[BlackTeam "Speyer"]

{[%evp 25,95,-34,-24,-41,-21,-21,-23,-28,2,0,0,0,0,0,0,-3,0,0,0,0,0,0,4,0,0,0,0,0,0,0,0,0,0,0,0,0,0,0,0,0,0,0,0,0,0,0,0,0,0,0,0,-27,-18,-28,-20,-12,-16,-52,-51,-66,-65,-63,0,-75,0,-68,0,-59,0,-67,0,-60]} 1. c4 e6 2. g3 d5 3. Bg2 Nf6 4. Nf3 Be7 5. O-O O-O 6. d4 dxc4 7. Qc2 a6 8. Qxc4 b5 9. Qc2 Bb7 10. Bd2 Be4 11. Qc1 c6 {E05: Open Catalan: 5 Nf3 Be7} 12. Be3 Nbd7 13. Nbd2 Bd5 {LiveBook: 4 Games. Black is slightly better.} 14. Nb3 {[#]} Qc7 $146 ({Predecessor:} 14... h6 15. Rd1 Rc8 16. Nc5 Nxc5 17. dxc5 Qc7 18. Bf4 Qa7 19. b4 {½-½ (70) Harikrishna,P (2753)-Ponomariov,R (2712) Huaian 2016}) 15. Bg5 Rfd8 16. Qf4 Qxf4 17. gxf4 c5 18. dxc5 Nxc5 19. Nxc5 Bxc5 20. Rfc1 Rdc8 21. Bxf6 gxf6 22. Ne1 Bxg2 23. Kxg2 Kf8 24. Kf3 Bd6 25. Nd3 Ke7 26. a4 Rxc1 27. Nxc1 bxa4 28. Rxa4 $11 {[%mdl 4096] Endgame KRB-KRN} Rc8 29. Nd3 Rc6 30. Ra5 f5 31. Ke3 Kd8 32. Ra1 Ke7 33. Rg1 Kf8 34. Ra1 Ke7 35. Kd2 Bc7 36. Ra3 Kd7 37. h4 h5 38. Ra1 Ke8 39. Rg1 Kf8 40. Ke3 Bd8 41. Kd2 Bf6 42. f3 Rb6 43. Kc2 Rc6+ (43... a5 $15) 44. Kb3 (44. Kd2 $11 {keeps the balance.}) 44... Rb6+ 45. Kc2 Rc6+ 46. Kd2 Rb6 47. Kc2 $1 Rc6+ (47... a5 $15) 48. Kd2 {Precision: White = 69%, Black = 77%.} (48. Kb3 $11) 1/2-1/2